Rural developement administration in the 21t century. (Record no. 978)
[ view plain ]
| 000 -LEADER | |
|---|---|
| fixed length control field | 00583cam a2200193ua 4500 |
| 001 - CONTROL NUMBER | |
| control field | 1062 |
| 005 - DATE AND TIME OF LATEST TRANSACTION | |
| control field | 20260515113254.0 |
| 008 - FIXED-LENGTH DATA ELEMENTS--GENERAL INFORMATION | |
| fixed length control field | 110427n ii |||gr||||Z||||||eng |
| 020 ## - INTERNATIONAL STANDARD BOOK NUMBER | |
| International Standard Book Number | 81-7629-878-6 |
| 040 ## - CATALOGING SOURCE | |
| Transcribing agency | MAIN |
| 082 ## - DEWEY DECIMAL CLASSIFICATION NUMBER | |
| Classification number | 343.0745 |
| 245 1# - TITLE STATEMENT | |
| Title | Rural developement administration in the 21t century. |
| Remainder of title | A multi-dimentional study. |
| 250 ## - EDITION STATEMENT | |
| Edition statement | 1st. / |
| Remainder of edition statement | Edited by Surat Singh & Mohinder Singh. |
| 260 ## - PUBLICATION, DISTRIBUTION, ETC. | |
| Place of publication, distribution, etc. | New Delhi.: |
| Name of publisher, distributor, etc. | Deep & Deep., |
| Date of publication, distribution, etc. | 2006. |
| 300 ## - PHYSICAL DESCRIPTION | |
| Extent | xi, 439 p.: |
| Dimensions | 35 cm. |
| 653 ## - INDEX TERM--UNCONTROLLED | |
| Uncontrolled term | Political science. |
| 653 ## - INDEX TERM--UNCONTROLLED | |
| Uncontrolled term | Rural developement in the 21st century. |
| 942 ## - ADDED ENTRY ELEMENTS (KOHA) | |
| Koha item type | Books |
| Withdrawn status | Lost status | Damaged status | Not for loan | Home library | Current library | Shelving location | Date acquired | Total checkouts | Full call number | Barcode | Date last seen | Copy number | Price effective from | Koha item type |
|---|---|---|---|---|---|---|---|---|---|---|---|---|---|---|
| Naharkatiya College Library | Naharkatiya College Library | General stacks | 09/19/2020 | 343.0745 | RUR | 19034 | 09/19/2020 | 1 | 09/19/2020 | Books |